| 000 | 00682cam a22002052 4500 | ||
|---|---|---|---|
| 001 | 0000009490 | ||
| 005 | 20151217152055.0 | ||
| 008 | 081031s xx 000 0 eng d | ||
| 020 |
_a0883689839 : _cKES 1290 |
||
| 040 |
_aKABU _cKABU |
||
| 100 | 1 |
_aMunroe, Myles. _@0000160904 |
|
| 245 | 1 | 4 |
_aThe Spirit of leadership : _bcultivating the attitudes that influence human action / _cMyles Munroe. |
| 260 |
_aNew Kensington, PA : _bWhitaker House, _c2004. |
||
| 300 | _a300 p. | ||
| 650 | 0 |
_aLeadership _xReligious aspects _xChristianity. _@0000149203 |
|
| 650 | 0 |
_aLeadership. _@0000150687 |
|
| 908 | _a081031 | ||
| 950 | _@1 | ||
| 999 |
_c7923 _d7923 |
||